MARC

LEADER 00000nam0a2200000 4500
001 330931
005 20231102004315.0
035 |a (RuTPU)RU\TPU\book\356719 
090 |a 330931 
100 |a 20170413d1949 km y0rusy50 ca 
101 0 |a rus 
102 |a RU 
105 |a a g 000zy 
200 1 |a Справочник по технике безопасности в угольной промышленности  |f сост. И. И. Амитин, С. Я. Хейфиц 
210 |a Москва  |a Ленинград  |c Углетехиздат  |c 1949 
215 |a 958 с.  |c ил. 
606 1 |a Угольная промышленность, предприятия  |x Охрана труда  |2 stltpush  |3 (RuTPU)RU\TPU\subj\62575  |9 79645 
610 1 |a техника безопасности 
610 1 |a горные работы 
610 1 |a рудничный транспорт 
610 1 |a подъем 
610 1 |a пожары 
610 1 |a водоотлив 
610 1 |a электромеханическое оборудование 
610 1 |a обогащение 
610 1 |a маркшейдерские службы 
610 1 |a геологические службы 
610 1 |a промышленная санитария 
610 1 |a организация производства 
610 1 |a инструкции 
610 1 |a справочники 
675 |a 622.8(035)  |v 4 
702 1 |a Амитин  |b И. И.  |4 220 
702 1 |a Хейфиц  |b С. Я.  |4 220 
801 1 |a RU  |b 63413507  |c 20170413 
801 2 |a RU  |b 63413507  |c 20170413  |g RCR 
942 |c BK